Porovnávacia reklama

Porovnávacia reklama ako nástroj transparentnosti trhu. Druhy porovnávacej reklamy. Vybraná zahraničná judikatúra. Smernica Európskej únie a jej dôsledky pre právny poriadok SR.

Saved in:
Bibliographic Details
Main Author: Vozár, Jozef
Format: Book Chapter
Language:Slovak
Subjects:
Tags: Add Tag
No Tags, Be the first to tag this record!

MARC

LEADER 00000naa a2200000 4500
001 r038642
005 20230929080805.2
041 0 |a slo 
044 |a SK 
245 1 0 |a Porovnávacia reklama  |c Jozef Vozár 
520 |a Porovnávacia reklama ako nástroj transparentnosti trhu. Druhy porovnávacej reklamy. Vybraná zahraničná judikatúra. Smernica Európskej únie a jej dôsledky pre právny poriadok SR. 
610 2 0 |a reklama porovnávacia 
610 2 0 |a úpravy právne 
610 2 0 |a súdnictvo 
610 2 0 |a smernice 
610 2 0 |a Európska únia 
610 2 0 |a poriadok právny 
610 2 0 |a Slovensko 
100 1 |a Vozár, Jozef